| 000 | 006190000a22001810004500 | ||
|---|---|---|---|
| 003 | MACL | ||
| 005 | 20160515115451.0 | ||
| 008 | 160515b xxu||||| |||| 00| 0 eng d | ||
| 040 |
_aMACL _cMACL |
||
| 041 | _aHindi | ||
| 082 | _a891.433 DUB | ||
| 100 |
_aदूबे, चेतन _957364 |
||
| 245 |
_aसात सपने _cचेतन दूबे |
||
| 260 |
_bराष्ट्रीय कला साहित्य एवं संस्कृति संस्थान _c2001 _aनई दिल्ली |
||
| 350 | _a150 | ||
| 650 |
_aStories _957365 |
||
| 942 |
_cHIN _k800/DUB/S _2ddc |
||
| 999 |
_c9983 _d9983 |
||